Rappeurs US par image - Statistiques

Statistiques générales
  • Ce quiz a été pris 3 491 fois
  • Le résultat moyen est 11 sur 16
Statistiques - réponses
Par images Réponse % Correct
Drake
97%
Eminem
97%
XXXTentacion
94%
Post Malone
89%
Kanye West
86%
Kendrick Lamar
83%
Pop Smoke
80%
Lil Uzi Vert
77%
NLE Choppa
64%
Quavo
63%
A$AP Rocky
56%
Gunna
54%
Lil Yachty
41%
Kid Cudi
40%
Megan Thee Stallion
33%
Key Glock
6%
Aucun quiz correspondant
Distribution des résultats
% des personnes avec chaque résultat
Percentile par nombre de réponses
Votre historique - résultats
Vous n’avez pas pris ce quiz